000 00325nam a2200133Ia 4500
008 240624s9999 xx 000 0 und d
041 _aeng
082 _a332.64 CHA
100 _aCHAN ERNIE
245 _aQUANTITATIVE TRADING HOW TO BUILD YOUR O
260 _c2008
_aNew Jersey
_bWiley
300 _a208 : p.
365 _c
_b29
999 _c28617
_d28617